| 000 | 00861nam0a22002531 4500 | ||
|---|---|---|---|
| 001 | rc\4524315 | ||
| 005 | 20260408023329.0 | ||
| 021 |
_aRU _bРг10341-71 |
||
| 021 |
_aRU _b71-РК-1993/1 |
||
| 035 | _a(NLR Aleph) 008352669 | ||
| 090 |
_a8947602 _c8947602 |
||
| 100 | _a20130416d1966 |||y0rusy50 ca | ||
| 101 | 0 | _arus | |
| 102 | _aRU | ||
| 105 | _ay z ||||| | ||
| 200 | 1 |
_aКарагандинский угольный бассейн _e(Краткая характеристика) _fУпр. угольной пром-сти КазССР |
|
| 210 |
_aКараганда _cБ. и. _d1966 |
||
| 215 |
_a7 с. _d21 |
||
| 712 | 0 | 1 |
_aКазССР _bУправление угольной промышленности _9864396 _3RU\NLR\AUTH\8810183832 |
| 801 | 0 |
_aRU _bNLR _gpsbo |
|
| 801 | 1 |
_aRU _bELAR _2rusmarc |
|
| 852 |
_aNLR _j71-6/6580 |
||
| 942 | _cBOOK | ||
| 980 | _aNB | ||